000 00551cam a2200217 4500
008 090401t1976 xxu||||| |||| 00| 0 eng d
020 _a0117217115
035 _a(Sirsi) u82302
041 _aeng
050 _a690
110 _aBuilding Research Establishment
245 _aSound insulation of lightweight dwellings.
260 _aLondon
_bHMSO
_c1976
300 _a4p. : ill. ; 30cm.
350 _a0.7
490 _aBRE Digest
_v187
650 _aLIGHTWEIGHT DWELLINGS
650 _aSOUND INSULATION
942 _n0
948 _c24/11/1997
999 _c96777
_d96777